[Event "EYb18"]
[Site "Herceg Novi MNE"]
[Date "2008.09.17"]
[Round "3"]
[White "Roos,Ad"]
[Black "Lichmann,P"]
[Result "0-1"]
[WhiteElo "2076"]
[BlackElo "2375"]

1.e4 c5 2.Nf3 e6 3.d4 cxd4 4.Nxd4 a6 5.Nc3 Qc7 6.Bd3 Nc6 7.Be3 Nf6 8.Qe2 d6
9.O-O-O Be7 10.f4 Nxd4 11.Bxd4 e5 12.fxe5 dxe5 13.Bf2 Bg4 14.Nd5 Qc8 15.Nxe7 Kxe7
16.Qd2 Bxd1 17.Qb4+ Ke8 18.Rxd1 Qc6 19.Bg3 Nd7 20.Bc4 Rc8 21.Bb3 h5 22.Rd5 Qh6+
23.Kb1 Qf6 24.a4 b6 25.Rd3 Qe7 26.Qe1 Nc5 27.Rd5 f6 28.Bc4 Qc7 29.c3 Ke7
30.Bxe5 fxe5 31.Qh4+ Ke8 32.Qg5 Ne6 33.Rxe5 Qxc4 34.Qg6+ Ke7 35.Qxg7+ Kd6
36.Qf6 Rhf8  0-1

[Event "EYb18"]
[Site "Herceg Novi MNE"]
[Date "2008.09.17"]
[Round "3"]
[White "Hrabusa,M"]
[Black "Nitelea,B"]
[Result "1-0"]
[WhiteElo "2246"]
[BlackElo "2066"]

1.e4 c5 2.Nf3 e6 3.d4 cxd4 4.Nxd4 a6 5.Nc3 b5 6.Bd3 Qb6 7.Nb3 Qc7 8.O-O Bb7
9.Qe2 d6 10.Bd2 Nf6 11.a4 b4 12.Na2 d5 13.e5 Ne4 14.Bxb4 Bxb4 15.Nxb4 Qxe5
16.f3 Qc7 17.Nxd5 Bxd5 18.Bxe4 Bc4 19.Qe3 Bxf1 20.Bxa8 Bxg2 21.Kxg2 Qxc2+
22.Kh1 Qxb2 23.Qc1 Qxc1+ 24.Rxc1 Ke7 25.Rc7+ Kf6 26.Nc5 Rd8 27.Bb7 a5 28.Rc8 Rxc8
29.Bxc8 Nc6 30.Nb3 Ne5 31.Kg2 Nd3 32.Ba6 Nb2 33.Bb5 Kf5 34.Nxa5 Kf4 35.Nc4 Nxa4
36.Bxa4 e5 37.Kf2 f5 38.Ne3 e4 39.Ng2+ Kg5 40.f4+ Kg4 41.Bd1+ Kh3 42.Kg1 h6
43.Ne3 g6 44.Be2 Kh4 45.Kg2 h5 46.h3  1-0

[Event "EYb12"]
[Site "Herceg Novi MNE"]
[Date "2008.09.17"]
[Round "3"]
[White "Purenne,B"]
[Black "Monev,A"]
[Result "1-0"]
[WhiteElo "1888"]
[BlackElo "2087"]

1.e4 c5 2.Nc3 e6 3.Nf3 a6 4.d4 cxd4 5.Nxd4 b5 6.g3 Bb7 7.Bg2 Nf6 8.Bg5 Be7
9.O-O b4 10.Bxf6 Bxf6 11.Nce2 O-O 12.f4 d6 13.Qd2 Qb6 14.Kh1 Nd7 15.Rad1 Rad8
16.g4 Nc5 17.Ng3 Bh4 18.Rfe1 Rfe8 19.Re2 a5 20.b3 Bxg3 21.hxg3 d5 22.e5 Ba6
23.Ree1 Ne4 24.Bxe4 dxe4 25.Qe3 Qc5 26.Qxe4 Qc7 27.Kh2 Re7 28.Nc6 Red7 29.Nxd8 Rxd8
30.Rxd8+ Qxd8 31.Rd1 Qf8 32.Rd6 Bf1 33.Qd4 Bb5 34.Rd8 Be8 35.Qd6  1-0

[Event "EYb12"]
[Site "Herceg Novi MNE"]
[Date "2008.09.17"]
[Round "3"]
[White "Svane,R"]
[Black "Chigaev,M"]
[Result "0-1"]
[WhiteElo "1934"]
[BlackElo "2111"]

1.e4 c5 2.Nf3 e6 3.d4 cxd4 4.Nxd4 a6 5.Nc3 Qc7 6.g3 Nf6 7.Bg2 d6 8.O-O Be7
9.Re1 O-O 10.Be3 Nc6 11.Qe2 Ne5 12.Rad1 Nc4 13.Bc1 Bd7 14.Kh1 g6 15.f4 e5
16.Nf3 Rac8 17.b3 Na5 18.Bb2 Rfe8 19.fxe5 dxe5 20.Nd5 Nxd5 21.Rxd5 Bg4 22.Bxe5 Qxc2
23.Rd2 Qc6 24.Bb2 Bb4 25.Rc1 Qxe4 26.Qxe4 Rxc1+ 27.Bxc1 Rxe4 28.Rd8+ Kg7
29.Bb2+ f6 30.h3 Nc6 31.Rd3 Bf5 32.g4 Rxg4 33.hxg4 Bxd3 34.g5 Be7 35.Kg1 Kf7  0-1

[Event "4th ch-EU"]
[Site "Liverpool ENG"]
[Date "2008.09.17"]
[Round "9"]
[White "Conquest,S"]
[Black "Langrock,H"]
[Result "1-0"]
[WhiteElo "2536"]
[BlackElo "2398"]

1.d4 e6 2.Nf3 c5 3.e4 cxd4 4.Nxd4 a6 5.Nc3 b5 6.Bd3 Qb6 7.Nb3 Qc7 8.Qe2 Bb7
9.O-O Nf6 10.f4 h5 11.Bd2 Nc6 12.e5 Ng4 13.a4 b4 14.Ne4 Na5 15.Nxa5 Qxa5
16.Kh1 Bc6 17.c3 Be7 18.cxb4 Bxb4 19.Nd6+ Ke7 20.Rad1 Bxd2 21.Rxd2 Qc5 22.Be4 Bxa4
23.Bxa8 Rxa8 24.h3 Rh8 25.Qxa6 Qb4 26.Qd3 Nh6 27.Rc1 Qxf4 28.Qa3 Bc6 29.Nf5+ Kd8
30.Rxd7+  1-0

[Event "II ROMGAZ Open"]
[Site "Bucharest ROU"]
[Date "2008.09.18"]
[Round "8"]
[White "Valeanu,E"]
[Black "Bachmann,Ax"]
[Result "0-1"]
[WhiteElo "2440"]
[BlackElo "2511"]

1.e4 c5 2.Nf3 e6 3.d4 cxd4 4.Nxd4 a6 5.Nc3 Qc7 6.Be3 Nc6 7.Qd2 Nf6 8.O-O-O b5
9.Bf4 Qb6 10.e5 Qxd4 11.Qxd4 Nxd4 12.exf6 Nc6 13.fxg7 Bxg7 14.Bd6 Bxc3 15.bxc3 Bb7
16.a4 bxa4 17.h4 Ne7 18.Rh3 Rg8 19.f3 Rc8 20.c4 f5 21.h5 Bc6 22.Rh4 Ra8 23.Kb2 Ra7
24.Ka3 Rb7 25.Rf4 Rg5 26.Rh4 Kf7 27.Ka2 Ng8 28.Bf4 Rg7 29.Rd2 Nf6 30.Bd3 Rg8
31.Rh1 d5 32.c5 Bb5 33.Bxb5 axb5 34.Ka3 b4+ 35.Kxa4 b3 36.Ka3 b2  0-1

[Event "Chess City 10th Ann Open"]
[Site "Elista RUS"]
[Date "2008.09.18"]
[Round "4"]
[White "Shagbazyan,T"]
[Black "Nyudleev,D"]
[Result "0-1"]
[WhiteElo "1902"]
[BlackElo "2409"]

1.e4 c5 2.Nf3 e6 3.d4 cxd4 4.Nxd4 a6 5.Nc3 b5 6.Bd3 Qb6 7.Nb3 Qc7 8.O-O Bb7
9.f4 d6 10.e5 Nd7 11.exd6 Bxd6 12.Ne4 Be7 13.f5 e5 14.Qe2 Ngf6 15.Bg5 Nxe4
16.Bxe7 Nef6 17.Bxf6 Nxf6 18.Qe3 O-O 19.Qc5 Qb8 20.Na5 Bd5 21.Nc6 Bxc6 22.Qxc6 e4
23.Bxe4 Ng4 24.g3 Qa7+ 25.Kh1 Rac8 26.Qb7 Qd4 27.Rf4 Nf2+ 28.Kg2 Nxe4 29.Qxe4 Qxb2
30.Raf1 Rfe8 31.Qf3 Rxc2+ 32.Kg1 Rc1 33.Qg2 Rxf1+ 34.Rxf1 Qxg2+ 35.Kxg2 Re2+
36.Kf3 Rxa2 37.Rc1 Kf8 38.h4 b4  0-1

[Event "EYb16"]
[Site "Herceg Novi MNE"]
[Date "2008.09.18"]
[Round "4"]
[White "Kowalczyk,P"]
[Black "Pavlidis,Ant"]
[Result "0-1"]
[WhiteElo "2138"]
[BlackElo "2266"]

1.e4 c5 2.Nf3 e6 3.Nc3 a6 4.d4 cxd4 5.Nxd4 Qc7 6.Bd3 Nc6 7.Nxc6 bxc6 8.Qe2 Bd6
9.Qg4 Bf8 10.f4 Nf6 11.Qg3 d5 12.e5 Nd7 13.O-O Bc5+ 14.Kh1 O-O 15.Bd2 f5
16.Rf3 Be7 17.Qh3 Rd8 18.g4 Nc5 19.gxf5 Nxd3 20.cxd3 exf5 21.d4 c5 22.Be3 Rb8
23.Qg2 Bf8 24.Rg1 Rb4 25.Rd1 Bb7 26.Rf2 Ba8 27.Rfd2 Qd7 28.Kg1 Rb6 29.Ne2 Rg6
30.Ng3 Rg4 31.Qf3 Qf7 32.Rg2 Rb8 33.Qf1 h5 34.h3 Rg6 35.Qf3 h4 36.Nf1 Rxb2
37.Rd2 Rb1 38.dxc5 Bc6 39.Bd4 Bxc5 40.Bxc5 d4 41.Qd3 Bxg2 42.Rxg2 Rxg2+ 43.Kxg2 Qd5+
44.Kg1 Rb2 45.Nd2 Qxc5 46.Qxf5 d3+ 47.Kf1 Qc1+  0-1

[Event "EYb12"]
[Site "Herceg Novi MNE"]
[Date "2008.09.18"]
[Round "4"]
[White "Shurunov,A"]
[Black "Purenne,B"]
[Result "1-0"]
[WhiteElo "2127"]
[BlackElo "1888"]

1.e4 c5 2.Nf3 e6 3.d4 cxd4 4.Nxd4 a6 5.Nc3 Qc7 6.Be2 Nc6 7.O-O Nf6 8.Be3 Bb4
9.Na4 Be7 10.Nxc6 bxc6 11.Nb6 Rb8 12.Nxc8 Qxc8 13.Bd4 d5 14.exd5 cxd5 15.c4 O-O
16.Rc1 Qb7 17.Qd3 dxc4 18.Qxc4 Rfd8 19.Be5 Bd6 20.Bc3 a5 21.Bf3 Qb5 22.Qxb5 Rxb5
23.a4 Rc5 24.Rfd1 Kf8 25.Bxf6  1-0

[Event "4th Pichay Cup"]
[Site "Manila PHI"]
[Date "2008.09.18"]
[Round "7"]
[White "Mallahi,A"]
[Black "Jia Haoxiang"]
[Result "0-1"]
[WhiteElo "2393"]
[BlackElo "2303"]

1.e4 c5 2.Nf3 e6 3.d4 cxd4 4.Nxd4 a6 5.Nc3 Qc7 6.f4 b5 7.Bd3 Bb7 8.Qe2 Nf6
9.e5 b4 10.Ncb5 axb5 11.exf6 gxf6 12.f5 e5 13.Be3 Rg8 14.Rg1 Be7 15.Nxb5 Qc6
16.Bc4 Ra5 17.O-O-O Ba6 18.Rd5 Bxb5 19.Rxb5 Rxb5 20.Bxb5 Qe4 21.Bd3 Qd5 22.Bc4 Qe4
23.Qd3 Qxd3 24.cxd3 Nc6 25.Kc2 Bd6 26.Bd5 Ke7 27.Kd2 Nd4 28.Bxd4 exd4 29.g3 Bf4+
30.Kc2 Be3 31.Rg2 Rb8 32.Kb3 Kd6 33.Bxf7 Ke5 34.Rc2 Kxf5 35.Rc5+ Kg4 36.Rd5 h6
37.Rxd7 Kh3 38.Be6+ Kxh2 39.g4 Rb6 40.Bf5 Kg3 41.Kc4 Kf4 42.Rh7 Kg5 43.Kc5 Rb8
44.Be6 Re8 45.Bd5 Rb8 46.Rg7+ Kf4 47.Bb7 Bc1 48.b3 Ke3 49.Kc4 Bd2 50.Re7+ Kf4
51.Kxd4 Kxg4 52.Kc5 f5 53.d4 f4 54.Rg7+ Kf5 55.d5 f3 56.Rf7+ Kg4 57.Ba6 Be3+
58.Kc4 Rb6 59.Bc8+ Kg3 60.Kd3 Bg5 61.Ke4 Rf6 62.Rxf6 Bxf6 63.Ba6 Kg2 64.Kf5 Bg5
65.d6 f2  0-1

[Event "4th Open"]
[Site "Bjelovar CRO"]
[Date "2008.09.21"]
[Round "7"]
[White "Loncar,R"]
[Black "Devcic,D"]
[Result "1/2-1/2"]
[WhiteElo "2446"]
[BlackElo "2303"]

1.e4 c5 2.Nf3 e6 3.Nc3 a6 4.d4 cxd4 5.Nxd4 Qc7 6.Bd3 Nf6 7.O-O Bc5 8.Nb3 Be7
9.Kh1 d6 10.f4 b5 11.Qe2 Nbd7 12.Bd2 Bb7  1/2-1/2

[Event "EYb12"]
[Site "Herceg Novi MNE"]
[Date "2008.09.21"]
[Round "6"]
[White "Bulatovic,I"]
[Black "Lekic,L"]
[Result "1-0"]
[WhiteElo "1885"]
[BlackElo "1613"]

1.e4 c5 2.Nf3 e6 3.d4 cxd4 4.Nxd4 a6 5.Nc3 b5 6.Bd3 Qb6 7.Nb3 Qc7 8.Qe2 Bb7
9.O-O Nf6 10.f4 d6 11.Bd2 Nbd7 12.Kh1 Be7 13.a4 b4 14.Nd1 Nc5 15.Nxc5 dxc5
16.Nf2 O-O 17.c3 Rfd8 18.cxb4 cxb4 19.Be3 Qa5 20.b3 Rac8 21.Rac1 Rc3 22.Rxc3 bxc3
23.Qc2 h6 24.Rc1 Bb4 25.Nd1 Rc8 26.Bd4 Ba3 27.Bxc3 Bxc1 28.Bxa5 Rxc2 29.Bxc2 Bxf4
30.Nf2 Be3 31.Nd1 Bd4 32.Bc3 Ba7 33.Bxf6 gxf6 34.Nc3 Bd4 35.Ne2 Be5 36.Kg1 a5
37.Bd3 Kf8 38.Kf2 Ke7 39.g3 Kd6 40.Ke3 Kc5 41.Bc4 f5 42.exf5 Bd5 43.fxe6 Bxc4
44.e7  1-0

[Event "EYb18"]
[Site "Herceg Novi MNE"]
[Date "2008.09.21"]
[Round "6"]
[White "Botta,Ga"]
[Black "Hayrapetian,O"]
[Result "0-1"]
[WhiteElo "2158"]
[BlackElo "2367"]

1.e4 c5 2.Nf3 e6 3.d4 cxd4 4.Nxd4 a6 5.Nc3 Qc7 6.Bd3 Nf6 7.O-O Nc6 8.Nxc6 bxc6
9.Qe2 d5 10.exd5 cxd5 11.Bg5 Bb7 12.Rae1 Bb4 13.Bxf6 gxf6 14.Qg4 Bd6 15.h3 O-O-O
16.Qa4 Qb6 17.Qb3 Bc7 18.Qxb6 Bxb6 19.Na4 Ba7 20.Rc1 Kb8 21.Kh2 Ka8 22.Be2 Bc6
23.b3 f5 24.Bxa6 Rhg8 25.Bd3 f4 26.f3 Rg5 27.Rce1 Be3 28.Nb2 Rdg8 29.Re2 f5
30.c4 d4 31.b4 e5 32.b5 Bb7 33.c5 Bd5 34.Bc4 Bxc4 35.Nxc4 d3 36.Rb2 d2 37.g4 fxg4
38.hxg4 h5 39.c6 hxg4 40.Kg2 Rh8 41.b6 e4 42.b7+ Kb8 43.Nxe3 gxf3+  0-1

[Event "Chess City 10th Ann Open"]
[Site "Elista RUS"]
[Date "2008.09.22"]
[Round "8"]
[White "Shevchenko,I"]
[Black "Chashchev,S"]
[Result "1/2-1/2"]
[WhiteElo "2105"]
[BlackElo "2294"]

1.e4 c5 2.Nf3 e6 3.d4 cxd4 4.Nxd4 a6 5.Nc3 Nc6 6.Nxc6 bxc6 7.e5 Qa5 8.f4 Rb8
9.Bd3 Bc5 10.Qe2 Ne7 11.Bd2 Rxb2 12.Nd1 Qb6 13.Nxb2 Qxb2 14.Rd1 Qxa2 15.Qe4 Qb2
16.Qc4 Qb6 17.Ke2 Nd5 18.Rb1 Qa7 19.Qb3 Be3 20.Qb8 O-O 21.Qxa7 Bxa7 22.c4 Ne7
23.Be3 c5 24.Be4 f6 25.Rhf1 Rd8 26.Bb7 fxe5 27.fxe5 Ng6 28.Bg5 Re8 29.Bxc8 Rxc8
30.Rb7 Bb8 31.Rxd7 Bxe5 32.Rd8+ Rxd8 33.Bxd8 Bc3 34.Kd3 Bd4 35.Bc7 a5 36.Bd6 a4
37.Kc2 h5 38.Rf3 e5 39.Ra3 Nh4 40.Rxa4 Nxg2 41.Ra8+ Kf7 42.Rc8 Ke6 43.Bxc5 Kd7
44.Bxd4 Kxc8 45.Bxe5 g5 46.Kd3 Nh4 47.Ke4 g4 48.Bf4 Kd7 49.Bg3 Nf3 50.Kf5 Kc6
51.h4 gxh3 52.Kf4 Nd4 53.Kg5 Nf3+ 54.Kxh5 h2 55.Bxh2  1/2-1/2

[Event "EYb12"]
[Site "Herceg Novi MNE"]
[Date "2008.09.22"]
[Round "7"]
[White "Beukema,S"]
[Black "Monev,A"]
[Result "0-1"]
[WhiteElo "1959"]
[BlackElo "2087"]

1.e4 c5 2.Nf3 e6 3.d4 cxd4 4.Nxd4 a6 5.Nc3 b5 6.Bd3 Bb7 7.O-O d6 8.a4 b4
9.Na2 Nf6 10.Re1 Be7 11.Bd2 a5 12.c3 bxc3 13.Nxc3 O-O 14.Ncb5 Nbd7 15.Bc3 Nc5
16.f3 Nfd7 17.Bf1 g6 18.Kh1 Nb6 19.Nb3 Nxb3 20.Qxb3 Bc6 21.Red1 d5 22.Nd4 Bd7
23.Bb5 Bc5 24.Nc6 Qh4 25.Be1 Qh5 26.Qc3 Bxc6 27.Qxc5 Bxb5 28.axb5 Nc4 29.b3 Rac8
30.Qd4 Nd6 31.Rxa5 Rc2 32.b6 Nxe4 33.fxe4 Qe2 34.Bf2 e5 35.Re1 Qxe1+ 36.Bxe1 exd4
37.Kg1 dxe4 38.Rb5 Rb8  0-1

[Event "EYg16"]
[Site "Herceg Novi MNE"]
[Date "2008.09.22"]
[Round "7"]
[White "Forgues,V"]
[Black "Adamowicz,K"]
[Result "0-1"]
[WhiteElo "1999"]
[BlackElo "2063"]

1.e4 c5 2.Nf3 e6 3.d4 cxd4 4.Nxd4 a6 5.Nc3 b5 6.a4 b4 7.Na2 Qc7 8.Be2 Bb7
9.Bf3 Nf6 10.Qd3 Qe5 11.O-O Bxe4 12.Re1 d5 13.Bxe4 dxe4 14.Qc4 Nbd7 15.Nc6 Qc7
16.Rxe4 Nxe4 17.Qxe4 Nf6 18.Qf3 Rc8 19.Ncxb4 Be7 20.Bf4 e5 21.Bg3 O-O 22.c3 a5
23.Nc2 Rfd8 24.Nd4 Qb6 25.Nb5 e4 26.Qe2 Rd7 27.Nc1 Qe6 28.Nd4 Qd5 29.Ncb3 Bd6
30.Bxd6 Rxd6 31.Qb5 e3 32.Qxd5 exf2+ 33.Kxf2 Rxd5 34.Nb5 Re8 35.N3d4 Rde5
36.Rd1 Ng4+ 37.Kg3 h5 38.h3 Re3+ 39.Nf3 Ne5 40.Nd4 Nxf3 41.Nxf3 Rb8 42.Rd2 Re4
43.Nd4 Rc8 44.Rd3 Re1 45.b3 g6 46.Kf3 Kg7 47.Nb5 Rce8 48.Nd6 Rf1+ 49.Kg3 Re5
50.Nc4 Re4 51.Rf3 h4+ 52.Kh2 Rc1 53.Rf2 Ree1 54.g4 Rh1+ 55.Kg2 Rcg1+ 56.Kf3 Rxh3+  0-1

[Event "5th Highlands Open A"]
[Site "Zdar nad Sazavou CZE"]
[Date "2008.09.22"]
[Round "3"]
[White "Olsarova,K"]
[Black "Pecha,T"]
[Result "0-1"]
[WhiteElo "2156"]
[BlackElo "2096"]

1.e4 c5 2.Nf3 e6 3.d4 cxd4 4.Nxd4 a6 5.Nc3 Qc7 6.g3 Bb4 7.Ne2 Nf6 8.Bg2 h5
9.a3 Bc5 10.h3 b5 11.Qd3 Bb7 12.Be3 Bxe3 13.Qxe3 Nc6 14.f4 Ne7 15.O-O-O O-O-O
16.Nd4 Nf5 17.exf5 Bxg2 18.Ndxb5 axb5 19.Nxb5 Qa5 20.Qc5+ Kb8 21.Rhg1 Bd5
22.Qd6+ Kb7 23.Rd4 Qb6 24.Re1 Rc8 25.Rb4 Rc4 26.Rxc4 Bxc4 27.Qxb6+ Kxb6 28.Nd6 Kc5
29.Nxf7 Rf8 30.b4+ Kd4 31.Nd6 Bd5 32.Kd2 Ne4+ 33.Nxe4 Bxe4 34.fxe6 dxe6 35.c3+ Kd5
36.a4 h4 37.Ke3 Bc2 38.a5 hxg3 39.Kf3 g2 40.Re5+ Kd6 41.Kxg2 Rxf4 42.Rc5 Bd3
43.Kg3 Rc4 44.Rg5 g6 45.b5 Rxc3 46.Kf4 e5+  0-1

[Event "EYg14"]
[Site "Herceg Novi MNE"]
[Date "2008.09.24"]
[Round "9"]
[White "Strzelczyk,A"]
[Black "Morea,G"]
[Result "1-0"]
[WhiteElo "1823"]
[BlackElo "1751"]

1.e4 c5 2.Nf3 e6 3.d4 cxd4 4.Nxd4 a6 5.Nc3 Qc7 6.Be2 Nc6 7.O-O Nf6 8.Kh1 Be7
9.f4 d6 10.Be3 O-O 11.Qe1 Nxd4 12.Bxd4 b5 13.a3 e5 14.Be3 exf4 15.Bxf4 Bb7
16.Bf3 Rfe8 17.Qg3 Bf8 18.Rae1 Qc4 19.e5 dxe5 20.Bxe5 Bxf3 21.Qxf3 Ng4 22.Bg3 Ne3
23.Rf2 Nf5 24.Ref1 g6 25.Nd5 Re6 26.Ne7+ Rxe7 27.Qxa8 Ne3 28.Bd6 Kg7 29.Bxe7 Bxe7
30.Rxf7+ Kh6 31.Qf3 Qxf1+ 32.Qxf1 Nxf1 33.Rxe7 Nd2 34.Ra7 Nc4 35.Rxa6 Nxb2
36.Kg1 Kg5 37.Ra5  1-0

[Event "EYb10"]
[Site "Herceg Novi MNE"]
[Date "2008.09.24"]
[Round "9"]
[White "Duda,J"]
[Black "Ali Marandi,C"]
[Result "1/2-1/2"]
[WhiteElo "1939"]
[BlackElo "1809"]

1.e4 c5 2.Nf3 e6 3.d4 cxd4 4.Nxd4 a6 5.Nc3 Qc7 6.Bd3 Nf6 7.O-O d6 8.Kh1 Be7
9.f4 O-O 10.a3 b6 11.Bd2 Bb7 12.Qe2 Nbd7 13.Rae1 Rfd8 14.Rf3 Nc5 15.Rh3 d5
16.e5 Nfe4 17.Nd1 Rac8 18.Be3 g6 19.Nf2 Nxf2+ 20.Bxf2 Ne4 21.Bxe4 dxe4 22.c3 b5
23.Bh4 Bd5 24.Bxe7 Qxe7 25.Qf2 Bb7 26.Rhe3 f5 27.Ra1 Bd5 28.Ree1 Bc4 29.Qe3 a5
30.Rec1 a4 31.Kg1 h5 32.g3  1/2-1/2

[Event "5th Highlands Open A"]
[Site "Zdar nad Sazavou CZE"]
[Date "2008.09.25"]
[Round "6"]
[White "Zvara,P"]
[Black "Kanovsky,D"]
[Result "0-1"]
[WhiteElo "2409"]
[BlackElo "2409"]

1.e4 c5 2.Nf3 e6 3.d4 cxd4 4.Nxd4 a6 5.Nc3 Qc7 6.Be2 b5 7.O-O Bb7 8.Bf3 Nc6
9.Nxc6 dxc6 10.Qe2 Bd6 11.g3 Nf6 12.Rd1 e5 13.Bg5 Be7 14.Rd3 O-O 15.Bg2 Rfd8
16.Rad1 Rxd3 17.cxd3 Rd8 18.Rc1 Qd7 19.Bf1 h6 20.Be3 c5 21.f3 Nh7 22.Nb1 Ng5
23.Nd2 f5 24.Bxc5 Bxc5+ 25.Rxc5 fxe4 26.fxe4 Qd4+ 27.Qf2 Qxb2 28.Nb3 Qxf2+
29.Kxf2 Rf8+ 30.Ke2 Bc8 31.Bg2 Bh3 32.Bxh3 Nxh3 33.Rxe5 Rf2+ 34.Ke3 Rxa2
35.Re7 Rxh2 36.e5 Ng5 37.Nc5 Rg2 38.Kf4 Rf2+ 39.Kg4 Kh7 40.Ne6 Nxe6 41.Rxe6 a5
42.Ra6 a4 43.d4 Rd2 44.Kf5 Rxd4 45.e6 Rd5+ 46.Ke4 Rd1 47.Ke5 Kg6 48.Ra8 Re1+
49.Kd6 b4 50.e7 a3  0-1

[Event "Zvenigorodskaya Open A"]
[Site "Zvenigorod RUS"]
[Date "2008.09.27"]
[Round "4"]
[White "Vorobiov,E"]
[Black "Vasilevich,I"]
[Result "1-0"]
[WhiteElo "2550"]
[BlackElo "2354"]

1.e4 c5 2.Nf3 e6 3.d4 cxd4 4.Nxd4 a6 5.Nc3 b5 6.Bd3 d6 7.O-O Nf6 8.Qe2 Be7
9.a4 b4 10.Na2 e5 11.Nf5 Bxf5 12.exf5 a5 13.Bg5 Nbd7 14.c3 bxc3 15.Nxc3 O-O
16.Bc4 Qc8 17.Rac1 Nc5 18.Bxf6 Bxf6 19.Ne4 Qxf5 20.Nxd6 Qd7 21.Nxf7 Qe7 22.Ng5+ Kh8
23.Nxh7  1-0

[Event "Zvenigorodskaya Open A"]
[Site "Zvenigorod RUS"]
[Date "2008.09.27"]
[Round "4"]
[White "Chernobay,A"]
[Black "Tunik,G"]
[Result "0-1"]
[WhiteElo "2421"]
[BlackElo "2490"]

1.e4 c5 2.Nf3 e6 3.d4 cxd4 4.Nxd4 a6 5.Nc3 Qc7 6.g3 Nf6 7.Bg2 Bb4 8.Bd2 Nc6
9.Nb3 Be7 10.O-O d6 11.f4 b5 12.a3 Bb7 13.g4 Nd7 14.g5 Nb6 15.f5 exf5 16.exf5 Ne5
17.Bxb7 Qxb7 18.Na5 Qc7 19.Qe2 f6 20.Rae1 O-O 21.g6 hxg6 22.fxg6 Nxg6 23.Qe6+ Rf7
24.Kh1 Qd7 25.Qe4 f5 26.Qg2 Nh4 27.Qg3 d5 28.Rxe7 Rxe7 29.Qxh4 d4 30.Bg5 Re6
31.Rd1 Rd6 32.Ne2 d3 33.cxd3 Rxd3 34.Rxd3 Qxd3 35.Qf2 Re8 36.Ng3 Nd5 37.Nc6 f4  0-1

[Event "ch-Commonwealth"]
[Site "Nagpur IND"]
[Date "2008.09.28"]
[Round "1"]
[White "Phadke,So1"]
[Black "Naresh,Ka"]
[Result "1-0"]
[WhiteElo "2284"]
[BlackElo "1718"]

1.e4 c5 2.Nf3 e6 3.d4 cxd4 4.Nxd4 a6 5.Nc3 Qc7 6.Bd3 Bc5 7.Nb3 Be7 8.O-O Nf6
9.f4 d6 10.a4 b6 11.e5 dxe5 12.fxe5 Qxe5 13.Bf4 Qh5 14.Be2 Qg6 15.Bf3 h5
16.Bxa8 Nbd7 17.Qd3 Qg4 18.h3 Qh4 19.Qg3 Qxg3 20.Bxg3 g5 21.h4 Ng4 22.Ne4 gxh4
23.Nd6+ Bxd6 24.Bxd6 Rg8 25.Rae1 h3 26.Nd4 hxg2 27.Bxg2 Ngf6 28.Kh1 h4 29.Nxe6 fxe6
30.Rxe6+ Kf7 31.Bd5 Kg6 32.Be7  1-0

[Event "ch-Commonwealth"]
[Site "Nagpur IND"]
[Date "2008.09.28"]
[Round "1"]
[White "Devangi,P"]
[Black "Hossain,Enam"]
[Result "0-1"]
[WhiteElo "2028"]
[BlackElo "2489"]

1.e4 c5 2.Nf3 e6 3.d4 cxd4 4.Nxd4 a6 5.Nc3 Qc7 6.Bd3 Nc6 7.Nb3 Nf6 8.O-O b5
9.Be3 d6 10.f4 Be7 11.a3 O-O 12.Qf3 Rb8 13.Qh3 b4 14.Ne2 e5 15.f5 bxa3 16.bxa3 Na5
17.Nxa5 Qxa5 18.Ng3 d5 19.Bg5 Bb7 20.Rae1 Qxa3 21.exd5 Qc5+ 22.Kh1 Qxd5 23.Ne4 Qc6
24.Qg3 Nh5 25.Qh3 Bxg5 26.Nxg5 Nf6 27.Rxe5 Rbe8 28.Nf3 Qc3 29.Qg3 Bxf3 30.Rxe8 Rxe8
31.Qxf3 a5 32.Bb5 Rc8 33.Ba4 Qb4 34.Qb3 Qe4 35.Qb5 h5 36.Bb3 Ra8 37.Qc4 Qb7
38.Ra1 Rd8 39.Qc3 Ng4 40.h3 Nf2+ 41.Kg1 Ne4 42.Qxa5 Qe7  0-1

[Event "Zvenigorodskaya Open A"]
[Site "Zvenigorod RUS"]
[Date "2008.09.28"]
[Round "6"]
[White "Vorobiov,E"]
[Black "Tunik,G"]
[Result "1-0"]
[WhiteElo "2550"]
[BlackElo "2490"]

1.e4 c5 2.Nf3 e6 3.d4 cxd4 4.Nxd4 a6 5.Nc3 Qc7 6.Bd3 Nf6 7.O-O Nc6 8.Nxc6 dxc6
9.Be3 e5 10.Na4 Nd7 11.c4 b5 12.cxb5 axb5 13.Nc3 Be7 14.Rc1 Qa5 15.Ne2 Qa6
16.a4 Qxa4 17.Rxc6 Nf6 18.Nc3 Qxd1 19.Rxd1 O-O 20.Bxb5 Rb8 21.Bc5 Bxc5 22.Rxc5 Be6
23.Rxe5 Rfc8 24.f3 g6 25.Ba6 Rc7 26.Rb5 Ra8 27.Bb7 Rb8 28.Bd5 Rd8 29.Bxe6 Rxd1+
30.Nxd1 fxe6 31.Nc3 Rd7 32.e5 Nh5 33.Ne4 h6 34.g3 Rd1+ 35.Kf2 g5 36.Rb7 Rc1
37.Nf6+ Nxf6 38.exf6 Rc2+ 39.Ke3 Rxh2 40.g4 h5 41.gxh5 Rxh5 42.Ke4  1-0

[Event "ch-Commonwealth"]
[Site "Nagpur IND"]
[Date "2008.09.29"]
[Round "2"]
[White "Shashikant,K"]
[Black "Anurag,M"]
[Result "1-0"]
[WhiteElo "2340"]
[BlackElo "2113"]

1.e4 c5 2.Nf3 e6 3.d4 cxd4 4.Nxd4 a6 5.Nc3 Qc7 6.Bd3 d6 7.O-O Nd7 8.Qe2 Ngf6
9.Kh1 Be7 10.f4 b5 11.Bd2 g6 12.Rae1 e5 13.Nd5 Nxd5 14.exd5 Bb7 15.Nc6 f6
16.Ba5 Qc8 17.Qf3 Rf8 18.Bb4 Bxc6 19.dxc6 Nb6 20.Ba5 Rb8 21.b3 Qc7 22.c4 bxc4
23.bxc4 Qa7 24.c5 dxc5 25.fxe5 f5 26.Qh3 Bd8 27.e6 Qe7 28.Bxa6 Nd5 29.Bxd8 Rxd8
30.Bc4 Rf6 31.Qh4 Nc7 32.Rd1 Rxd1 33.Rxd1 Rxe6 34.Qxe7+ Rxe7 35.a4 Re4 36.Bb5 c4
37.g3 c3 38.Rc1 Nxb5 39.axb5 Rc4 40.Kg2 Kd8 41.Kf3 Kc7 42.Ke3 Rc5 43.Kd4 Rxb5
44.Rxc3 Rb2 45.h4 Re2 46.Kd5 h6 47.Ra3 Rd2+ 48.Ke5 Rc2 49.Ra7+ Kb6 50.Rb7+ Kxc6
51.Rg7 Rc5+ 52.Ke6 f4 53.gxf4 Rh5 54.Rxg6 Rxh4 55.f5 Re4+ 56.Kf7+ Kd5 57.Rxh6 Ke5
58.f6 Kd6 59.Rh1 Ra4 60.Rd1+ Ke5 61.Re1+ Kd6 62.Kg7 Rg4+ 63.Kf8 Kd7 64.f7 Rf4
65.Rd1+ Kc8 66.Rd5 Rf2 67.Ke7 Re2+ 68.Kf6  1-0

[Event "Tatry Open"]
[Site "Tatranske Zruby SVK"]
[Date "2008.09.29"]
[Round "4"]
[White "Antoniewski,R"]
[Black "Skliba,M"]
[Result "0-1"]
[WhiteElo "2503"]
[BlackElo "2303"]

1.e4 c5 2.Nf3 e6 3.d4 cxd4 4.Nxd4 a6 5.Nc3 Qc7 6.g3 Nc6 7.Bg2 d6 8.O-O Bd7
9.Re1 Be7 10.Nxc6 Bxc6 11.Qg4 h5 12.Qe2 h4 13.g4 h3 14.Bh1 e5 15.f4 Nf6 16.Bf3 Nd7
17.f5 b5 18.Kh1 Nb6 19.a3 Qb7 20.Rd1 Rd8 21.Qd3 Rh4 22.Be3 Na4 23.Nxa4 bxa4
24.Bf2 Rxg4 25.Re1 Rf4 26.c4 Bh4 27.Bg3 Bxg3 28.hxg3 Rxf5 29.Rab1 Rf6 30.b4 axb3
31.Rxb3 Qa7 32.Re2 g5 33.g4 Rb8 34.Qe3 Rb7 35.Qxa7 Rxa7 36.Kh2 Rb7 37.Rxb7 Bxb7
38.Re3 Kd7 39.Rb3 Kc7 40.Kxh3 Rf4 41.Re3 Kc6 42.Kg3 Kc5 43.Re1 Kxc4 44.Rc1+ Kb5
45.Rb1+ Kc6 46.Kf2 Kc7 47.Ke3 Bc8 48.Rc1+ Kd8 49.Rc6 Kd7 50.Rc2 a5 51.Rc1 Kd8
52.Rg1 Be6 53.Rg3 Kc7 54.Rg1 Kb6 55.Be2 d5 56.exd5 Bxd5 57.Rg3 Kc5 58.Kd2 Bc4
59.Bd1 Kd4 60.Rh3 e4 61.Kc1 e3 62.Bf3 f5 63.Rg3 fxg4 64.Bxg4 Rf1+ 65.Kb2 Rf2+
66.Kb1 Bd3+ 67.Ka1 Ke4 68.Bh5 Kf4 69.Rg4+ Kf5 70.Ra4 e2 71.Bg4+ Kf6 72.Bxe2 Rxe2
73.Rxa5 g4 74.Rd5 Be4  0-1

[Event "Zvenigorodskaya Open A"]
[Site "Zvenigorod RUS"]
[Date "2008.09.29"]
[Round "7"]
[White "Onoprienko,V"]
[Black "Vasilevich,I"]
[Result "1-0"]
[WhiteElo "2309"]
[BlackElo "2354"]

1.e4 c5 2.Nc3 e6 3.Nf3 a6 4.d4 cxd4 5.Nxd4 Qc7 6.Bd3 Bc5 7.Nb3 Be7 8.f4 d6
9.Be3 Nf6 10.Qf3 Nbd7 11.g4 h6 12.h4 Nc5 13.g5 Nfd7 14.Bd4 Rg8 15.f5 Ne5
16.Bxe5 dxe5 17.Nxc5 Bxc5 18.O-O-O Bd4 19.fxe6 Bxe6 20.Nd5 Qa5 21.Bc4 Rc8
22.Bb3 hxg5 23.hxg5 Qd8 24.Qg3 Bxd5 25.Bxd5 Qb6 26.Bb3 Qg6 27.Rhf1 Rf8 28.Kb1 f6
29.Qg4 Rc6 30.c3  1-0

[Event "Zvenigorodskaya Open A"]
[Site "Zvenigorod RUS"]
[Date "2008.09.29"]
[Round "8"]
[White "Hovhannisyan,R"]
[Black "Korobkov,P"]
[Result "1-0"]
[WhiteElo "2379"]
[BlackElo "2516"]

1.e4 c5 2.Nc3 e6 3.Nf3 a6 4.d4 cxd4 5.Nxd4 Qc7 6.Bd3 Nf6 7.f4 d6 8.O-O g6
9.Qe2 Bg7 10.Kh1 O-O 11.Bd2 b5 12.a4 b4 13.Na2 e5 14.Nf3 a5 15.c3 bxc3 16.Nxc3 Nc6
17.Rac1 Qe7 18.Bc4 Nb4 19.Nb5 Bg4 20.fxe5 dxe5 21.h3 Nh5 22.Qe1 Be6 23.Bxb4 Qxb4
24.Bxe6 fxe6 25.Nc7 Rac8 26.Qxb4 Ng3+ 27.Kg1 axb4 28.Rfe1 Rf7 29.Kf2 Bh6
30.Rcd1 Rfxc7 31.Kxg3 Rc2 32.Nxe5 Rxb2 33.Rf1 Bg7 34.Nc6 Rxc6 35.Rd8+ Bf8
36.Rdxf8+ Kg7 37.R8f7+ Kh6 38.R1f4 Rcc2 39.Rh4+ Kg5 40.Rg4+ Kh6 41.Kh2 Rc5
42.Re7 Ra2 43.Rxe6 Rg5 44.Rb6 Rxg4 45.hxg4 Rxa4 46.Kg3 Ra3+ 47.Kf4 Rb3 48.g5+ Kg7
49.Ke5 Rb1 50.Rb7+ Kg8 51.Kf6 Rf1+ 52.Ke6 Rb1 53.e5 b3 54.Ke7 b2 55.e6 h6
56.gxh6 Kh7 57.Ke8+ Kxh6 58.e7 Kh5 59.Rb5+ g5 60.Rb4 Kg6 61.g4 Kg7 62.Rb5 Kh7
63.Rb6 Kg7 64.Rb7 Kg8 65.Kd7 Rd1+ 66.Ke6 Re1+ 67.Kf6  1-0

[Event "Podillya It"]
[Site "Khmelnitsky UKR"]
[Date "2008.09.30"]
[Round "7"]
[White "Simonian,H"]
[Black "Harutjunyan,G"]
[Result "1/2-1/2"]
[WhiteElo "2452"]
[BlackElo "2441"]

1.e4 c5 2.Nf3 e6 3.d4 cxd4 4.Nxd4 a6 5.Nc3 b5 6.g3 Bb7 7.Bg2 Nf6 8.O-O b4
9.Na4 Bxe4 10.Bxe4 Nxe4 11.Re1 Nc5 12.Qf3 Ra7 13.Nxc5 Bxc5 14.Be3 Rc7 15.Nf5 O-O
16.Nh6+ Kh8 17.Nxf7+ Kg8 18.Nh6+ Kh8 19.Nf7+ Kg8 20.Nh6+  1/2-1/2

[Event "ch-Commonwealth"]
[Site "Nagpur IND"]
[Date "2008.09.30"]
[Round "4"]
[White "Jabbar,A"]
[Black "Kunte,A"]
[Result "0-1"]
[WhiteElo "2211"]
[BlackElo "2554"]

1.e4 c5 2.Nf3 e6 3.Nc3 a6 4.d4 cxd4 5.Nxd4 Qc7 6.Bd3 Nc6 7.Nde2 Nf6 8.h3 b5
9.Bf4 d6 10.Qd2 Be7 11.Ng3 O-O 12.O-O Bb7 13.Rfe1 Rac8 14.a3 Ne5 15.Rad1 Rfd8
16.Qe2 Nc4 17.Bc1 Nxa3 18.Nd5 exd5 19.bxa3 dxe4 20.Nxe4 Nxe4 21.Bxe4 Bxe4
22.Qxe4 Bf6 23.Bf4 g6 24.Bh6 Qc6 25.Qf4 d5 26.Rd3 Qd6 27.Qe3 d4 28.Qd2 Qc6
29.Qf4 Re8 30.Red1 Be5 31.Qh4 Qxc2 32.f4 Bh8 33.f5 Qe2 34.Bf4 Rc2 35.Qg3 Rc3
36.Kh2 Qe4 37.fxg6 hxg6  0-1